00949nam a2200217 i 450000100060000000300090000600500170001500800410003210000400007324501740011326000580028730000200034549000450036565000260041070000360043670000370047283000530050985200250056299900170058795201270060454360ES-MaACL20230906162936.0960718s1879 sp |||| | spa d1 aFonssagrives, Jean Baptiste.95153510aTratado de terapéutica aplicada b: basada sobre las indicaciones /cpor J.B. Fonssagrives ; traducido al castellano por Carlos María Cortezo y Ramón Serret Comin. aMadrid : b[s.n.], c1879 (fImp. de Enrique Teodoro) a3 v. ; c23 cm.1 aBiblioteca escogida de El Siglo Médico04aTerapéutica.9174791 aCortezo, Carlos María.9409201 aSerret Comín, Ramón.91058340 aBiblioteca escogida de El Siglo Médico9182501 aES-MaACLjF-12711-13 c54360d54360 001040708LIBXIXaATENEOMbATENEOMcSPP2d2008-01-17eSCl0oF-12711-3p1057123r2023-02-23 00:00:00w2023-02-23yMONANT